7 Perso - 1 Pts Commun - Harry Potter #47 - Statistiques

Statistiques générales
  • Ce quiz a été pris 128 fois
  • Le résultat moyen est 3 sur 7
Statistiques - réponses
Personnages % Correct
Hermione Granger
68%
Bellatrix Lestrange
67%
Lucius Malefoy
67%
Narcissa Malefoy
61%
Peter Pettigrow
31%
Fenrir Greyback
21%
Bataille du manoir des Malefoy
4%
Aucun quiz correspondant
Distribution des résultats
% des personnes avec chaque résultat
Percentile par nombre de réponses
Votre historique - résultats
Vous n’avez pas pris ce quiz